| 000 | 01129nam0a2200337 4500 | ||
|---|---|---|---|
| 001 | RU\NLR\bibl\1492869 | ||
| 005 | 20260406042741.0 | ||
| 010 |
_a978-5-17-064299-1 _bАСТ |
||
| 010 |
_a978-5-403-03008-3 _bАСТ МОСКВА _912500 |
||
| 021 |
_aRU _b2010-7698 _9506 |
||
| 035 | _a(nilc)RSL-KNO-004579272 | ||
| 035 | _a(NLR Aleph) 001484412 | ||
| 090 |
_a1723914 _c1723914 |
||
| 100 | _a20100205d2009 |||y0rusy50 ca | ||
| 101 | 1 |
_arus _ceng |
|
| 102 | _aRU | ||
| 105 | _ay ||||||||| | ||
| 200 | 1 |
_aНочь с возлюбленным _eроман _fЭйна Ли _g[пер. с англ. М.Г. Луппо] |
|
| 210 |
_aМосква _cАСТ _cАСТ МОСКВА _d2009 (макет 2010) |
||
| 215 |
_a317, [1] с. _d17 |
||
| 225 | 1 | _aОчарование | |
| 225 | 1 | _aмини-Шарм | |
| 686 |
_aШ5(7США)62-644 _2rubbk |
||
| 686 | _aШ6(7США)67-440.4{Лх1979-50} | ||
| 700 | 1 |
_4070 _8rus _7ca _aЛи _bЭ. _gЭйна _3RU\NLR\auth\772921 _9112928 |
|
| 801 | 0 |
_aRU _bРГБ _c20100205 _gRCR |
|
| 801 | 1 |
_aRU _bРГБ _c20100205 |
|
| 801 | 2 |
_aRU _bNLR _c20100331 _grcr |
|
| 942 | _cBOOK | ||
| 980 | _aNB | ||